00298nam a2200097Ia 4500008004100000040002900041050002300070100002000093245004400113260004300157230222s9999||||xx |||||||||||||| ||und|| cChuka University Library aSB 185 bK65 1994  aKOKWARO JOHN O. 0aFLOWERING PLANT FAMILIES OF EAST AFRICA aEnglish Press LtdbNairobi,Kenyac1994